CAAV tenanted farms survey 2007 (Record no. 80487)

MARC details
000 -LEADER
fixed length control field 01024cab a22001935a 4500
001 - CONTROL NUMBER
control field L144488
008 - FIXED-LENGTH DATA ELEMENTS--GENERAL INFORMATION
fixed length control field 080723s2008 xxk f s 000 0 eng d
035 ## - SYSTEM CONTROL NUMBER
System control number (Sirsi) u144488
041 0# - LANGUAGE CODE
Language code of text/sound track or separate title eng
100 1# - MAIN ENTRY--PERSONAL NAME
Personal name Central Association of Agricultural Valuers
245 00 - TITLE STATEMENT
Title CAAV tenanted farms survey 2007
260 ## - PUBLICATION, DISTRIBUTION, ETC.
Date of publication, distribution, etc. 2008
490 ## - SERIES STATEMENT
Series statement Farmland Market
Volume/sequential designation (69) Summer 2008, 31(1)
520 ## - SUMMARY, ETC.
Summary, etc. Results of the 31st annual tenanted farms survey - the 12th which shows the full year effects of the reforms made by the Agricultural Tenancies Act 1995. Key indicators included a marked drop in activity in the let sector since 2005; one in seven farm business tenancies (FBTs) was on land not previously let; average agreed length of a FBT was 3 years, 10.4 months and 81% of the 1986 Act tenancies that ended were re-let as FBTs.
650 24 - SUBJECT ADDED ENTRY--TOPICAL TERM
Topical term or geographic name entry element AGRICULTURAL TENANCIES ACT 1995
651 #4 - SUBJECT ADDED ENTRY--GEOGRAPHIC NAME
Geographic name AGRICULTURAL HOLDINGS ACT 1986
690 ## - LOCAL SUBJECT ADDED ENTRY--TOPICAL TERM (OCLC, RLIN)
Topical term or geographic name as entry element PROPERTY-LEASEHOLD PROPERTY-LANDLORD AND TENANT-TENANCIES-AGRICULTURAL TENANCIES
942 ## - ADDED ENTRY ELEMENTS (KOHA)
Suppress in OPAC 0
Holdings
Withdrawn status Lost status Source of classification or shelving scheme Damaged status Not for loan Home library Current library Shelving location Date acquired Total Checkouts Full call number Barcode Date last seen Copy number Price effective from Koha item type
    Dewey Decimal Classification     London London Journal article 23/07/2008   L144488 144488-1001 06/08/2019 1 06/08/2019 Journal article